[Event "ODJM B 2025"]
[Site "Willingen GER"]
[Date "2025.06.08"]
[Round "1"]
[White "Lattreuter, Alexander"]
[Black "Salim, Florian"]
[Result "1/2-1/2"]
[Termination "normal"]
[Board "1"]
[WhiteElo "1898"]
[BlackElo "1730"]
[WhiteClock "00:09:39"]
[BlackClock "00:50:41"]
[PlyCount "139"]
[WhiteFideId "34678387"]
[BlackFideId "533001960"]
[EventCountry "GER"]
[EventRounds "9"]
[EventType "swiss"]
[EventDate "2025.06.07"]

1. e4 {[%clk 01:30:57]} {[%emt 00:00:02]} c5 {[%clk 01:30:52]} {[%emt
00:00:09]} 2. Nf3 {[%clk 01:31:22]} {[%emt 00:00:06]} Nc6 {[%clk 01:31:09]}
{[%emt 00:00:13]} 3. Bb5 {[%clk 01:31:46]} {[%emt 00:00:05]} e5 {[%clk
01:28:30]} {[%emt 00:03:09]} 4. O-O {[%clk 01:30:35]} {[%emt 00:01:41]} d6
{[%clk 01:25:23]} {[%emt 00:03:38]} 5. Re1 {[%clk 01:26:54]} {[%emt 00:04:11]}
Nge7 {[%clk 01:24:39]} {[%emt 00:01:15]} 6. h3 {[%clk 01:25:56]} {[%emt
00:01:27]} g6 {[%clk 01:22:45]} {[%emt 00:02:24]} 7. d3 {[%clk 01:11:24]}
{[%emt 00:15:02]} Bg7 {[%clk 01:20:36]} {[%emt 00:02:39]} 8. Bg5 {[%clk
01:04:42]} O-O {[%clk 01:18:54]} {[%emt 00:09:23]} 9. Qd2 {[%clk 01:00:29]} Rb8
{[%clk 01:05:13]} {[%emt 00:18:55]} 10. a4 {[%clk 00:47:14]} Qc7 {[%clk
00:58:11]} {[%emt 00:21:16]} 11. Na3 {[%clk 00:38:28]} Kh8 {[%clk 00:55:00]}
{[%emt 00:12:57]} 12. Bh6 {[%clk 00:36:32]} f5 {[%clk 00:50:17]} {[%emt
00:07:40]} 13. c3 {[%clk 00:29:23]} f4 {[%clk 00:49:41]} {[%emt 00:08:45]} 14.
Bxg7+ Kxg7 15. d4 {[%clk 00:28:54]} h6 {[%clk 00:47:32]} {[%emt 00:03:02]} 16.
Rad1 {[%clk 00:24:56]} {[%emt 00:04:27]} g5 {[%clk 00:46:13]} {[%emt 00:01:50]}
17. dxc5 {[%clk 00:21:10]} {[%emt 00:04:16]} dxc5 {[%clk 00:45:47]} {[%emt
00:00:55]} 18. Qd6 {[%clk 00:21:04]} {[%emt 00:00:36]} Qxd6 {[%clk 00:45:29]}
{[%emt 00:00:49]} 19. Rxd6 {[%emt 00:01:54]} g4 {[%clk 00:44:22]} {[%emt
00:01:34]} 20. hxg4 {[%clk 00:19:58]} {[%emt 00:00:13]} Bxg4 {[%clk 00:44:37]}
{[%emt 00:00:16]} 21. Nh2 {[%clk 00:18:02]} {[%emt 00:02:25]} Bh5 {[%clk
00:44:37]} {[%emt 00:00:30]} 22. Be2 {[%clk 00:14:17]} {[%emt 00:04:15]} Bxe2
{[%clk 00:43:52]} {[%emt 00:01:15]} 23. Rxe2 {[%clk 00:14:41]} {[%emt
00:00:05]} Rbd8 {[%clk 00:43:04]} {[%emt 00:01:19]} 24. Red2 {[%clk 00:14:13]}
{[%emt 00:00:58]} Rxd6 {[%clk 00:43:07]} {[%emt 00:00:26]} 25. Rxd6 {[%clk
00:14:38]} {[%emt 00:00:05]} Rd8 {[%clk 00:43:21]} {[%emt 00:00:16]} 26. Rxd8
{[%clk 00:15:01]} {[%emt 00:00:07]} Nxd8 {[%clk 00:43:47]} {[%emt 00:00:04]}
27. Nc4 {[%clk 00:14:17]} {[%emt 00:01:15]} Nec6 {[%clk 00:43:17]} {[%emt
00:01:00]} 28. Ng4 {[%clk 00:12:00]} {[%emt 00:02:46]} Nf7 {[%clk 00:43:34]}
{[%emt 00:00:13]} 29. f3 {[%clk 00:10:01]} {[%emt 00:02:29]} b6 {[%clk
00:42:10]} {[%emt 00:01:55]} 30. Nf2 {[%clk 00:06:41]} {[%emt 00:03:49]} Nfd8
{[%clk 00:41:42]} {[%emt 00:00:57]} 31. Kh2 {[%clk 00:05:04]} {[%emt 00:02:07]}
h5 {[%clk 00:40:42]} {[%emt 00:01:30]} 32. Kh3 {[%clk 00:05:03]} {[%emt
00:00:31]} Nb7 {[%clk 00:40:15]} {[%emt 00:00:57]} 33. Nd3 {[%clk 00:04:59]}
{[%emt 00:00:34]} Kf6 {[%clk 00:40:26]} {[%emt 00:00:20]} 34. Kh4 {[%clk
00:05:15]} {[%emt 00:00:13]} Nba5 {[%clk 00:40:07]} {[%emt 00:00:50]} 35. Nxa5
{[%clk 00:05:01]} {[%emt 00:00:44]} Nxa5 {[%clk 00:39:25]} {[%emt 00:01:12]}
36. Kxh5 {[%clk 00:05:05]} {[%emt 00:00:26]} Nc4 {[%clk 00:39:09]} {[%emt
00:00:45]} 37. Kh4 {[%clk 00:03:48]} {[%emt 00:01:47]} Nd2 {[%clk 00:37:58]}
{[%emt 00:01:41]} 38. Kg4 {[%clk 00:01:22]} {[%emt 00:02:56]} Nf1 {[%clk
00:37:22]} {[%emt 00:01:06]} 39. Kh3 {[%clk 00:00:58]} {[%emt 00:00:54]} a5
{[%clk 00:34:40]} {[%emt 00:03:14]} 40. b4 {[%clk 00:00:55]} {[%emt 00:00:32]}
axb4 {[%clk 00:30:43]} {[%emt 00:04:27]} 41. cxb4 {[%clk 00:00:51]} {[%emt
00:00:34]} c4 {[%clk 00:31:03]} {[%emt 00:00:11]} 42. Ne1 {[%clk 00:27:13]}
{[%emt 00:04:07]} Ke6 {[%clk 01:00:46]} {[%emt 00:00:47]} 43. a5 {[%clk
00:27:20]} {[%emt 00:00:23]} bxa5 {[%clk 01:00:21]} {[%emt 00:00:55]} 44. bxa5
{[%clk 00:27:38]} {[%emt 00:00:12]} Kd6 {[%clk 01:00:44]} {[%emt 00:00:06]} 45.
Kg4 {[%clk 00:22:00]} {[%emt 00:06:07]} Ne3+ {[%clk 01:00:39]} {[%emt
00:00:37]} 46. Kg5 {[%clk 00:22:22]} {[%emt 00:00:07]} c3 {[%clk 01:00:42]}
{[%emt 00:00:27]} 47. a6 {[%clk 00:21:04]} {[%emt 00:01:47]} Kc7 {[%clk
01:00:21]} {[%emt 00:00:51]} 48. Kf6 {[%clk 00:19:07]} {[%emt 00:02:26]} Nxg2
{[%clk 01:00:29]} {[%emt 00:00:23]} 49. Nd3 {[%clk 00:19:28]} {[%emt 00:00:08]}
Nh4 {[%clk 01:00:24]} {[%emt 00:00:36]} 50. Kxe5 {[%clk 00:19:42]} {[%emt
00:00:16]} Nxf3+ {[%clk 01:00:28]} {[%emt 00:00:25]} 51. Kxf4 {[%clk 00:20:01]}
{[%emt 00:00:10]} Nd4 {[%clk 01:00:35]} {[%emt 00:00:24]} 52. Ke5 {[%clk
00:17:38]} {[%emt 00:02:52]} Nf3+ {[%clk 01:00:05]} {[%emt 00:01:02]} 53. Kf4
{[%clk 00:17:10]} {[%emt 00:00:57]} Nd4 {[%clk 01:00:29]} {[%emt 00:00:06]} 54.
Ke3 {[%clk 00:16:44]} {[%emt 00:00:56]} Nc6 {[%clk 00:59:57]} {[%emt 00:01:02]}
55. Nf4 {[%clk 00:11:55]} {[%emt 00:05:18]} Kb6 {[%clk 00:58:07]} {[%emt
00:02:21]} 56. Kd3 {[%clk 00:11:52]} {[%emt 00:00:32]} c2 {[%clk 00:57:47]}
{[%emt 00:00:51]} 57. Kxc2 {[%clk 00:11:46]} {[%emt 00:00:36]} Kxa6 {[%clk
00:58:10]} {[%emt 00:00:07]} 58. Kc3 {[%clk 00:12:03]} {[%emt 00:00:12]} Kb7
{[%clk 00:57:24]} {[%emt 00:01:15]} 59. Kc4 {[%clk 00:12:06]} {[%emt 00:00:28]}
Kc7 {[%clk 00:57:07]} {[%emt 00:00:47]} 60. Kc5 {[%clk 00:12:25]} {[%emt
00:00:11]} Kd7 {[%clk 00:56:40]} {[%emt 00:00:57]} 61. Ng6 {[%clk 00:12:11]}
{[%emt 00:00:44]} Nd8 {[%clk 00:54:00]} {[%emt 00:03:10]} 62. Kd5 {[%clk
00:12:27]} {[%emt 00:00:13]} Nf7 {[%clk 00:53:19]} {[%emt 00:01:11]} 63. Nf4
{[%clk 00:10:57]} {[%emt 00:02:01]} Ke7 {[%clk 00:52:09]} {[%emt 00:01:40]} 64.
Kc6 {[%clk 00:10:37]} {[%emt 00:00:50]} Kf6 {[%clk 00:51:41]} {[%emt 00:00:58]}
65. Kd5 {[%clk 00:10:47]} {[%emt 00:00:20]} Ke7 {[%clk 00:51:22]} {[%emt
00:00:49]} 66. Ng6+ {[%clk 00:09:26]} {[%emt 00:01:51]} Kd7 {[%clk 00:51:01]}
{[%emt 00:00:51]} 67. Kd4 {[%clk 00:09:14]} {[%emt 00:00:41]} Ng5 {[%clk
00:49:58]} {[%emt 00:01:33]} 68. Ne5+ {[%clk 00:09:18]} {[%emt 00:00:27]} Ke6
{[%clk 00:50:20]} {[%emt 00:00:09]} 69. Nc6 {[%clk 00:09:39]} {[%emt 00:00:08]}
Nxe4 {[%clk 00:50:41]} {[%emt 00:00:09]} 70. Kxe4 {[%emt 00:00:04]} 1/2-1/2

[Event "ODJM B 2025"]
[Site "Willingen GER"]
[Date "2025.06.08"]
[Round "1"]
[White "Müller, Maximilian"]
[Black "Schöne, Finn"]
[Result "0-1"]
[Termination "normal"]
[Board "2"]
[WhiteElo "1745"]
[BlackElo "1843"]
[WhiteClock "00:00:33"]
[BlackClock "00:16:41"]
[PlyCount "62"]
[WhiteFideId "34640282"]
[BlackFideId "34623493"]
[EventCountry "GER"]
[EventRounds "9"]
[EventType "swiss"]
[EventDate "2025.06.07"]

1. e4 {[%clk 01:30:59]} c5 {[%clk 01:30:55]} {[%emt 00:00:06]} 2. Nf3 {[%clk
01:31:25]} {[%emt 00:00:03]} e6 {[%clk 01:31:22]} {[%emt 00:00:04]} 3. d4
{[%clk 01:31:49]} {[%emt 00:00:06]} cxd4 {[%clk 01:31:49]} {[%emt 00:00:03]} 4.
Nxd4 {[%clk 01:32:13]} {[%emt 00:00:05]} Nc6 {[%clk 01:32:15]} {[%emt
00:00:04]} 5. Nc3 {[%clk 01:32:35]} {[%emt 00:00:08]} Qc7 {[%clk 01:32:40]}
{[%emt 00:00:06]} 6. Be3 {[%clk 01:32:59]} {[%emt 00:00:05]} a6 {[%clk
01:33:06]} {[%emt 00:00:04]} 7. Qd2 {[%clk 01:33:13]} {[%emt 00:00:16]} Nf6
{[%clk 01:33:12]} {[%emt 00:00:24]} 8. O-O-O {[%clk 01:32:52]} {[%emt
00:00:51]} Bb4 {[%clk 01:33:31]} {[%emt 00:00:09]} 9. f3 {[%clk 01:33:15]}
{[%emt 00:00:09]} Ne5 {[%clk 01:33:29]} {[%emt 00:00:32]} 10. Nb3 {[%clk
01:33:17]} {[%emt 00:00:28]} O-O {[%clk 01:32:59]} {[%emt 00:00:59]} 11. Be2
{[%clk 01:12:29]} {[%emt 00:21:18]} b5 {[%clk 01:10:17]} {[%emt 00:23:12]} 12.
Bd4 {[%clk 00:58:26]} {[%emt 00:14:33]} Bb7 {[%clk 00:57:59]} {[%emt 00:12:48]}
13. Kb1 {[%clk 00:50:00]} {[%emt 00:08:56]} Be7 {[%clk 00:51:39]} {[%emt
00:06:50]} 14. h4 {[%clk 00:42:46]} {[%emt 00:07:44]} Bc6 {[%clk 00:37:34]}
{[%emt 00:14:35]} 15. f4 {[%clk 00:24:44]} {[%emt 00:18:32]} Nc4 {[%clk
00:30:53]} {[%emt 00:07:11]} 16. Bxc4 {[%clk 00:15:36]} {[%emt 00:09:39]} bxc4
{[%clk 00:31:15]} {[%emt 00:00:07]} 17. Nc1 {[%clk 00:07:35]} {[%emt 00:08:31]}
Nxe4 {[%clk 00:29:28]} {[%emt 00:02:17]} 18. Nxe4 {[%clk 00:08:00]} {[%emt
00:00:06]} Bxe4 {[%clk 00:29:49]} {[%emt 00:00:09]} 19. Be5 {[%clk 00:07:24]}
{[%emt 00:01:06]} d6 {[%clk 00:29:05]} {[%emt 00:01:13]} 20. Bxg7 {[%clk
00:05:35]} {[%emt 00:02:20]} Bxc2+ {[%clk 00:27:12]} {[%emt 00:02:22]} 21. Qxc2
{[%clk 00:05:09]} {[%emt 00:00:57]} Kxg7 {[%clk 00:27:36]} {[%emt 00:00:05]}
22. Rh3 {[%clk 00:03:57]} {[%emt 00:01:41]} Bf6 {[%clk 00:26:29]} {[%emt
00:01:36]} 23. g4 {[%clk 00:03:54]} {[%emt 00:00:34]} Rab8 {[%clk 00:26:30]}
{[%emt 00:00:30]} 24. b3 {[%clk 00:04:01]} {[%emt 00:00:23]} Kg8 {[%clk
00:23:33]} {[%emt 00:03:27]} 25. g5 {[%clk 00:04:07]} {[%emt 00:00:25]} Bg7
{[%clk 00:23:55]} {[%emt 00:00:07]} 26. h5 {[%clk 00:03:52]} {[%emt 00:00:45]}
d5 {[%clk 00:23:22]} {[%emt 00:01:02]} 27. Ne2 {[%clk 00:02:45]} {[%emt
00:01:38]} Qe7 {[%clk 00:22:56]} {[%emt 00:00:56]} 28. Nd4 {[%clk 00:01:20]}
{[%emt 00:01:55]} Rfc8 {[%clk 00:22:02]} {[%emt 00:01:24]} 29. Qe2 {[%clk
00:01:07]} {[%emt 00:00:43]} cxb3 {[%clk 00:18:01]} {[%emt 00:04:30]} 30. axb3
{[%clk 00:01:24]} {[%emt 00:00:14]} Qa3 {[%clk 00:16:57]} {[%emt 00:01:33]} 31.
Qe3 {[%clk 00:00:33]} {[%emt 00:01:22]} Bxd4 {[%clk 00:16:41]} {[%emt
00:00:47]} 0-1

[Event "ODJM B 2025"]
[Site "Willingen GER"]
[Date "2025.06.08"]
[Round "1"]
[White "Kautny, Fabian"]
[Black "Kaufmann, Ben"]
[Result "0-1"]
[Termination "normal"]
[Board "3"]
[WhiteElo "1818"]
[BlackElo "1801"]
[WhiteClock "00:15:35"]
[BlackClock "00:24:53"]
[PlyCount "104"]
[WhiteFideId "34657193"]
[BlackFideId "34687068"]
[EventCountry "GER"]
[EventRounds "9"]
[EventType "swiss"]
[EventDate "2025.06.07"]

1. e4 {[%clk 01:30:58]} e6 {[%clk 01:30:57]} {[%emt 00:00:04]} 2. Nf3 {[%clk
01:31:26]} {[%emt 00:00:02]} d5 {[%clk 01:31:21]} {[%emt 00:00:06]} 3. e5
{[%clk 01:31:55]} {[%emt 00:00:02]} c5 {[%clk 01:31:38]} {[%emt 00:00:12]} 4.
b4 {[%clk 01:32:22]} {[%emt 00:00:03]} cxb4 {[%clk 01:30:14]} {[%emt 00:01:54]}
5. a3 {[%clk 01:32:48]} {[%emt 00:00:05]} bxa3 {[%clk 01:27:04]} {[%emt
00:03:40]} 6. d4 {[%clk 01:33:12]} {[%emt 00:00:06]} Nc6 {[%clk 01:25:46]}
{[%emt 00:01:47]} 7. Bd3 {[%clk 01:33:37]} {[%emt 00:00:05]} Bd7 {[%clk
01:24:25]} {[%emt 00:01:51]} 8. Nxa3 {[%clk 01:34:01]} {[%emt 00:00:07]} a6
{[%clk 01:23:56]} {[%emt 00:00:59]} 9. c3 {[%clk 01:34:13]} {[%emt 00:00:18]}
Nge7 {[%clk 01:22:57]} {[%emt 00:01:29]} 10. h4 {[%clk 01:34:36]} {[%emt
00:00:07]} Nf5 {[%clk 01:20:39]} {[%emt 00:02:48]} 11. g4 {[%clk 01:34:58]}
{[%emt 00:00:08]} Nfe7 {[%clk 01:18:53]} {[%emt 00:02:15]} 12. h5 {[%clk
01:27:19]} {[%emt 00:08:10]} Nc8 {[%clk 01:12:24]} {[%emt 00:07:00]} 13. h6
{[%clk 01:26:52]} {[%emt 00:00:57]} g6 {[%clk 01:10:09]} {[%emt 00:02:45]} 14.
Ng5 {[%clk 01:24:58]} {[%emt 00:02:23]} Be7 {[%clk 01:07:27]} {[%emt 00:03:10]}
15. f4 {[%clk 01:23:43]} {[%emt 00:01:46]} Rb8 {[%clk 01:00:15]} {[%emt
00:07:42]} 16. Nc2 {[%clk 01:22:41]} {[%emt 00:01:33]} N8a7 {[%clk 00:56:02]}
{[%emt 00:04:43]} 17. Ne3 {[%clk 01:11:14]} {[%emt 00:11:57]} Nb5 {[%clk
00:50:46]} {[%emt 00:05:46]} 18. Bd2 {[%clk 01:10:37]} {[%emt 00:01:07]} Rc8
{[%clk 00:48:09]} {[%emt 00:03:07]} 19. Qb1 {[%clk 00:40:46]} {[%emt 00:30:21]}
Bxg5 {[%clk 00:41:38]} {[%emt 00:07:00]} 20. fxg5 {[%clk 00:41:07]} {[%emt
00:00:09]} Nca7 {[%clk 00:38:18]} {[%emt 00:03:50]} 21. Qb2 {[%clk 00:25:17]}
{[%emt 00:16:20]} Bc6 {[%clk 00:34:39]} {[%emt 00:04:09]} 22. Rf1 {[%clk
00:22:43]} {[%emt 00:03:04]} O-O {[%clk 00:27:07]} {[%emt 00:08:02]} 23. Ng2
{[%clk 00:19:29]} {[%emt 00:03:43]} Nc7 {[%clk 00:24:07]} {[%emt 00:03:30]} 24.
Nh4 {[%clk 00:17:52]} {[%emt 00:02:07]} Bb5 {[%clk 00:23:32]} {[%emt 00:01:06]}
25. Qb1 {[%clk 00:15:01]} {[%emt 00:03:21]} Bxd3 {[%clk 00:20:22]} {[%emt
00:03:40]} 26. Qxd3 {[%clk 00:15:26]} {[%emt 00:00:05]} b5 {[%clk 00:18:34]}
{[%emt 00:02:17]} 27. Rf6 {[%clk 00:15:40]} {[%emt 00:00:16]} Qe8 {[%clk
00:16:39]} {[%emt 00:02:25]} 28. Bc1 {[%clk 00:14:17]} {[%emt 00:01:53]} Nc6
{[%clk 00:16:02]} {[%emt 00:01:06]} 29. Ba3 {[%clk 00:14:29]} {[%emt 00:00:19]}
b4 {[%clk 00:15:15]} {[%emt 00:01:17]} 30. cxb4 {[%clk 00:13:25]} {[%emt
00:01:34]} Nb5 {[%clk 00:15:29]} {[%emt 00:00:16]} 31. Nf3 {[%clk 00:13:43]}
{[%emt 00:00:12]} Qe7 {[%clk 00:13:48]} {[%emt 00:02:11]} 32. Ke2 {[%clk
00:11:22]} {[%emt 00:02:51]} Nxa3 {[%clk 00:12:39]} {[%emt 00:01:39]} 33. Qxa3
{[%clk 00:11:22]} {[%emt 00:00:31]} Nxb4 {[%clk 00:12:24]} {[%emt 00:00:45]}
34. Rb1 {[%clk 00:11:37]} {[%emt 00:00:14]} Rc4 {[%clk 00:09:48]} {[%emt
00:03:05]} 35. Rf4 {[%clk 00:10:20]} {[%emt 00:01:48]} Nc6 {[%clk 00:05:12]}
{[%emt 00:05:06]} 36. Qxa6 {[%clk 00:08:06]} {[%emt 00:02:44]} Qc7 {[%clk
00:04:21]} {[%emt 00:01:20]} 37. Rb7 {[%clk 00:05:46]} {[%emt 00:02:51]} Qa5
{[%clk 00:03:48]} {[%emt 00:01:04]} 38. Qxa5 {[%clk 00:05:30]} {[%emt
00:00:46]} Nxa5 {[%clk 00:04:13]} {[%emt 00:00:05]} 39. Rb5 {[%clk 00:04:36]}
{[%emt 00:01:23]} Nc6 {[%clk 00:04:24]} {[%emt 00:00:19]} 40. Kd3 {[%clk
00:03:48]} {[%emt 00:01:19]} Nb4+ {[%clk 00:03:55]} {[%emt 00:00:59]} 41. Ke3
{[%clk 00:03:21]} {[%emt 00:00:57]} Na2 {[%clk 00:02:06]} {[%emt 00:02:15]} 42.
Rc5 {[%clk 00:02:01]} {[%emt 00:01:54]} Rc8 {[%clk 00:29:41]} {[%emt 00:02:55]}
43. Ne1 {[%clk 00:29:33]} {[%emt 00:02:58]} Nc3 {[%clk 00:28:00]} {[%emt
00:02:10]} 44. Nd3 {[%clk 00:27:00]} {[%emt 00:03:03]} Ne4 {[%clk 00:26:45]}
{[%emt 00:01:46]} 45. Rxc8+ {[%clk 00:23:46]} {[%emt 00:03:44]} Rxc8 {[%clk
00:27:02]} {[%emt 00:00:13]} 46. Rf1 {[%clk 00:22:29]} {[%emt 00:01:47]} Kf8
{[%clk 00:26:41]} {[%emt 00:00:51]} 47. Ra1 {[%clk 00:21:21]} {[%emt 00:01:38]}
Ke7 {[%clk 00:25:44]} {[%emt 00:01:27]} 48. Ra7+ {[%clk 00:21:43]} {[%emt
00:00:09]} Ke8 {[%clk 00:26:01]} {[%emt 00:00:12]} 49. Kf4 {[%clk 00:19:43]}
{[%emt 00:02:31]} Rc3 {[%clk 00:24:52]} {[%emt 00:01:38]} 50. Ra8+ {[%clk
00:19:36]} {[%emt 00:00:38]} Ke7 {[%clk 00:25:17]} {[%emt 00:00:05]} 51. Nc5
{[%clk 00:19:30]} {[%emt 00:00:35]} Nd2 {[%clk 00:24:53]} {[%emt 00:00:54]} 52.
Ra7+ {[%clk 00:15:35]} {[%emt 00:04:25]} Kd8 {[%emt 00:01:32]} 0-1

[Event "ODJM B 2025"]
[Site "Willingen GER"]
[Date "2025.06.08"]
[Round "1"]
[White "Frank, Carolin"]
[Black "Borukhson, Benjamin Joel"]
[Result "1-0"]
[Termination "normal"]
[Board "4"]
[WhiteElo "1724"]
[BlackElo "1717"]
[WhiteClock "00:04:21"]
[BlackClock "00:05:58"]
[PlyCount "45"]
[WhiteFideId "16207190"]
[BlackFideId "34612920"]
[EventCountry "GER"]
[EventRounds "9"]
[EventType "swiss"]
[EventDate "2025.06.07"]

1. Nf3 {[%clk 01:30:57]} {[%emt 00:00:03]} d5 {[%clk 01:30:48]} {[%emt
00:00:12]} 2. g3 {[%clk 01:31:21]} {[%emt 00:00:06]} e6 {[%clk 01:31:15]}
{[%emt 00:00:04]} 3. Bg2 {[%clk 01:31:41]} {[%emt 00:00:10]} Nf6 {[%clk
01:31:26]} {[%emt 00:00:19]} 4. d4 {[%clk 01:31:26]} {[%emt 00:00:46]} c5
{[%clk 01:31:41]} {[%emt 00:00:15]} 5. O-O {[%clk 01:27:40]} {[%emt 00:04:16]}
Nc6 {[%clk 01:31:29]} {[%emt 00:00:42]} 6. c4 {[%clk 01:26:22]} {[%emt
00:01:48]} Be7 {[%clk 01:27:37]} {[%emt 00:04:21]} 7. cxd5 {[%clk 01:25:40]}
{[%emt 00:01:13]} Nxd5 {[%clk 01:27:52]} {[%emt 00:00:15]} 8. dxc5 {[%clk
01:24:37]} {[%emt 00:01:33]} O-O {[%clk 01:25:58]} {[%emt 00:02:23]} 9. Qc2
{[%clk 01:10:16]} {[%emt 00:14:51]} Qa5 {[%clk 01:16:29]} {[%emt 00:09:59]} 10.
Ng5 {[%clk 00:50:40]} {[%emt 00:20:06]} g6 {[%clk 01:14:13]} {[%emt 00:02:47]}
11. Ne4 {[%clk 00:44:11]} {[%emt 00:06:58]} Rb8 {[%clk 01:03:33]} {[%emt
00:11:12]} 12. Bh6 {[%clk 00:38:30]} {[%emt 00:06:10]} Rd8 {[%clk 01:00:55]}
{[%emt 00:03:07]} 13. Nbd2 {[%clk 00:25:33]} {[%emt 00:13:28]} Nd4 {[%clk
00:45:18]} {[%emt 00:16:05]} 14. Qc4 {[%clk 00:22:20]} {[%emt 00:03:44]} Nf5
{[%clk 00:45:09]} {[%emt 00:00:40]} 15. Nb3 {[%clk 00:20:04]} {[%emt 00:02:46]}
Qc7 {[%clk 00:43:18]} {[%emt 00:02:20]} 16. Bd2 {[%clk 00:19:18]} {[%emt
00:01:16]} Bd7 {[%clk 00:22:46]} {[%emt 00:21:02]} 17. Qc1 {[%clk 00:11:24]}
{[%emt 00:08:23]} Rdc8 {[%clk 00:21:03]} {[%emt 00:02:15]} 18. Ng5 {[%clk
00:09:45]} {[%emt 00:02:09]} Nf6 {[%clk 00:16:11]} {[%emt 00:05:23]} 19. Bc3
{[%clk 00:09:27]} {[%emt 00:00:47]} Qd8 {[%clk 00:11:32]} {[%emt 00:05:09]} 20.
e4 {[%clk 00:05:06]} {[%emt 00:04:51]} Ng7 {[%clk 00:09:13]} {[%emt 00:02:49]}
21. Qf4 {[%clk 00:04:43]} {[%emt 00:00:53]} Ngh5 {[%clk 00:08:20]} {[%emt
00:01:24]} 22. Qf3 {[%clk 00:04:05]} {[%emt 00:01:06]} Ne8 {[%clk 00:05:58]}
{[%emt 00:02:54]} 23. Qxf7# {[%clk 00:04:21]} {[%emt 00:00:13]} 1-0

[Event "ODJM B 2025"]
[Site "Willingen GER"]
[Date "2025.06.08"]
[Round "1"]
[White "Gulamov, Elmir"]
[Black "Sauer, Ben"]
[Result "1-0"]
[Termination "normal"]
[Board "5"]
[WhiteElo "1765"]
[BlackElo "1675"]
[WhiteClock "00:53:33"]
[BlackClock "00:00:40"]
[PlyCount "57"]
[WhiteFideId "34604332"]
[BlackFideId "34606866"]
[EventCountry "GER"]
[EventRounds "9"]
[EventType "swiss"]
[EventDate "2025.06.07"]

1. e4 {[%clk 01:30:59]} c5 {[%clk 01:30:55]} {[%emt 00:00:05]} 2. Nf3 {[%clk
01:31:25]} {[%emt 00:00:04]} e6 {[%clk 01:31:11]} {[%emt 00:00:14]} 3. d4
{[%clk 01:31:30]} {[%emt 00:00:25]} cxd4 {[%clk 01:31:27]} {[%emt 00:00:14]} 4.
Nxd4 {[%clk 01:31:55]} {[%emt 00:00:05]} Nc6 {[%clk 01:30:48]} {[%emt
00:01:10]} 5. Nxc6 {[%clk 01:31:51]} {[%emt 00:00:34]} bxc6 {[%clk 01:30:33]}
{[%emt 00:00:44]} 6. Bd3 {[%clk 01:32:05]} {[%emt 00:00:16]} d5 {[%clk
01:23:10]} {[%emt 00:07:53]} 7. O-O {[%clk 01:32:02]} {[%emt 00:00:33]} Qc7
{[%clk 01:18:34]} {[%emt 00:05:06]} 8. Qe2 {[%clk 01:29:18]} {[%emt 00:03:13]}
Bb7 {[%clk 01:13:25]} {[%emt 00:05:39]} 9. Nd2 {[%clk 01:25:44]} {[%emt
00:04:04]} Ne7 {[%clk 01:06:29]} {[%emt 00:07:27]} 10. b3 {[%clk 01:24:03]}
{[%emt 00:02:11]} Rg8 {[%clk 00:55:29]} {[%emt 00:11:30]} 11. Bb2 {[%clk
01:19:38]} {[%emt 00:04:55]} g6 {[%clk 00:50:24]} {[%emt 00:05:36]} 12. f4
{[%clk 01:17:38]} {[%emt 00:02:30]} Bg7 {[%clk 00:40:28]} {[%emt 00:10:25]} 13.
e5 {[%clk 01:16:41]} {[%emt 00:01:27]} h5 {[%clk 00:38:03]} {[%emt 00:02:56]}
14. c4 {[%clk 01:16:17]} {[%emt 00:00:54]} Rh8 {[%clk 00:32:30]} {[%emt
00:06:02]} 15. Kh1 {[%clk 01:10:01]} {[%emt 00:06:45]} Qd7 {[%clk 00:27:18]}
{[%emt 00:05:43]} 16. Rac1 {[%clk 01:07:11]} {[%emt 00:03:20]} a6 {[%clk
00:23:01]} {[%emt 00:04:48]} 17. Rc2 {[%clk 01:01:04]} {[%emt 00:06:36]} Rh7
{[%clk 00:17:55]} {[%emt 00:05:36]} 18. cxd5 {[%clk 01:00:55]} {[%emt
00:00:39]} Nxd5 {[%clk 00:15:11]} {[%emt 00:03:15]} 19. Be4 {[%clk 00:58:00]}
{[%emt 00:03:24]} Bf8 {[%clk 00:11:39]} {[%emt 00:04:03]} 20. Bxd5 {[%clk
00:56:33]} {[%emt 00:01:56]} cxd5 {[%clk 00:08:46]} {[%emt 00:03:23]} 21. Rd1
{[%clk 00:55:21]} {[%emt 00:01:42]} Rd8 {[%clk 00:03:15]} {[%emt 00:06:02]} 22.
Ne4 {[%emt 00:01:10]} Be7 {[%clk 00:02:40]} {[%emt 00:01:04]} 23. Ba3 {[%clk
00:51:38]} {[%emt 00:03:34]} Rc8 {[%clk 00:00:38]} {[%emt 00:02:32]} 24. Bxe7
{[%clk 00:51:31]} {[%emt 00:00:36]} Kxe7 {[%clk 00:00:33]} {[%emt 00:00:35]}
25. Nf6 {[%clk 00:51:53]} {[%emt 00:00:08]} Rxc2 {[%clk 00:00:33]} {[%emt
00:00:30]} 26. Qxc2 {[%clk 00:52:19]} {[%emt 00:00:04]} Qc6 {[%clk 00:00:31]}
{[%emt 00:00:33]} 27. Qxc6 {[%clk 00:52:43]} {[%emt 00:00:06]} Bxc6 {[%clk
00:00:42]} {[%emt 00:00:19]} 28. Nxh7 {[%emt 00:00:03]} Bb5 {[%clk 00:00:40]}
{[%emt 00:00:30]} 29. Rc1 {[%clk 00:53:33]} {[%emt 00:00:08]} 1-0